000 00750nam a22001817a 4500
003 BD-ChCU
005 20260408105649.0
008 260408b bg ||||| |||| 00| 0 ben d
020 _a9847013103593
040 _cBD-ChCU
082 _222
_a১৬০ জাহান ৯ প্র
100 _aজাহান ,তাসমিনা
_921376
245 _aপ্রতীকী যুক্তিবিদ্যা /
_cতাসমিনা জাহান
260 _aঢাকা :
_bমেরিট ফেয়ার
_c২০১৪
300 _a৫২৮ পৃ :
_c২২ সেমি .
650 0 _aপ্রতীকী যুক্তিবিদ্যা যুক্তিবিদ্যা
_921378
942 _2ddc
_cBK
_n0
999 _c112149
_d112149